000 01076nam0a22002411 4500
001 rc\611999
005 20260406172811.0
035 _a(NLR Aleph) 005855584
090 _a5824240
_c5824240
100 _a20031121d1986 |||y0rusy50 ca
101 0 _arus
102 _aRU
105 _ay |||||||||
200 1 _aСОВЕРШЕНСТВОВАНИЕ технологического процесса технического обслуживания и ремонта автомобилей и АТП Таджикской ССР
_e(Тез. докл. науч.-практ. конф.)
210 _aДушанбе
_cИфрон
_d1986
215 _a48 с.
_d20
300 _aВ надзаг.: Респ. дом науч.-техн. пропаганды о-ва "Знание" ТаджССР
712 0 2 _aТаджикский республиканский дом научно-технической пропаганды
_cДушанбе
_9375670
_3RU\NLR\AUTH\889940426
801 0 _aRU
_bNLR
_gpsbo
801 1 _aRU
_bELAR
_2rusmarc
852 _aNLR
_j88-4/1452
942 _cBOOK
980 _aNB